Top 15 des pays les plus dangereux pour un voyageur - Statistiques

Statistiques générales
  • Ce quiz a été pris 190 fois
  • Le résultat moyen est 9 sur 15
Statistiques - réponses
Continent Pays % Correct
Asie Corée du Nord
81%
Asie Irak
79%
Asie Afghanistan
76%
Asie Syrie
76%
Europe Ukraine
70%
Afrique Somalie
64%
Asie Pakistan
62%
Afrique Soudan
62%
Asie Yemen
53%
Europe Biélorussie
52%
Afrique Libye
52%
Asie Liban
50%
Afrique Soudan du Sud
43%
Asie Birmanie
39%
Asie Palestine
25%
Aucun quiz correspondant
Distribution des résultats
% des personnes avec chaque résultat
Percentile par nombre de réponses
Votre historique - résultats
Vous n’avez pas pris ce quiz